000 00371nam a2200169Ia 4500
008 230524s9999 xx 000 0 und d
020 _a8185336202
082 _bSRI
100 _aL.S.Srinath
245 0 _aPert and Cpm
250 _a3
260 _aNew Delhi
_bEWP
_c2013
300 _a"vi,201p;"
500 _aQuantity Number: 2
650 _aCivil
942 _cBK
999 _c55739
_d55739